Beautiful writers : (Record no. 126886)

MARC details
000 -LEADER
campo de control de longitud fija 01716cam a2200409 i 4500
001 - NÚMERO DE CONTROL
campo de control 22470517
003 - IDENTIFICADOR DE NÚMERO DE CONTROL
campo de control BJBSDDR
005 - FECHA Y HORA DE LA ÚLTIMA TRANSACCIÓN
campo de control 20260422154743.0
007 - CAMPO FIJO DE DESCRIPCIÓN FÍSICA--INFORMACIÓN GENERAL
campo de control de longitud fija ta
008 - DATOS DE LONGITUD FIJA--INFORMACIÓN GENERAL
campo de control de longitud fija 220317s2022 txu 001 0 eng
010 ## - NÚMERO DE CONTROL DE LA BIBLIOTECA DEL CONGRESO
Número de control de LC 2022935039
020 ## - NÚMERO INTERNACIONAL ESTÁNDAR DEL LIBRO
Número Internacional Estándar del Libro 9781637741030
Información calificativa (paperback)
020 ## - NÚMERO INTERNACIONAL ESTÁNDAR DEL LIBRO
ISBN cancelado o inválido 9781637741047
Información calificativa (ebook)
035 ## - NÚMERO DE CONTROL DEL SISTEMA
Número de control de sistema 22470517
040 ## - FUENTE DE CATALOGACIÓN
Centro catalogador/agencia de origen DLC
Lengua de catalogación eng
Normas de descripción rda
Centro/agencia transcriptor DLC
041 ## - CÓDIGO DE IDIOMA
Código de lengua del texto/banda sonora o título independiente eng
042 ## - CÓDIGO DE AUTENTICACIÓN
Código de autenticación pcc
050 00 - SIGNATURA TOPOGRÁFICA DE LA BIBLIOTECA DEL CONGRESO
Número de clasificación PN149
Número de ítem Si624 2022
100 2# - ENTRADA PRINCIPAL--NOMBRE DE PERSONA
Nombre de persona Sivertsen, Linda
Fechas asociadas al nombre 1964-
9 (RLIN) 48057
245 10 - MENCIÓN DEL TÍTULO
Título Beautiful writers :
Resto del título a journey of big dreams and messy manuscripts--with tricks of the trade from bestselling authors /
Mención de responsabilidad, etc. Linda Sivertsen.
260 ## - PUBLICACIÓN, DISTRIBUCIÓN, ETC.
Lugar de publicación, distribución, etc. Dallas, TX :
Nombre del editor, distribuidor, etc. BenBella Books, Inc ;
Fecha de publicación, distribución, etc. 2022 .
264 #1 - PRODUCCIÓN, PUBLICACIÓN, DISTRIBUCIÓN, FABRICACIÓN Y COPYRIGHT
Producción, publicación, distribución, fabricación y copyright Dallas, TX :
Nombre del de productor, editor, distribuidor, fabricante BenBella Books, Inc.,
Fecha de producción, publicación, distribución, fabricación o copyright 2022 .
300 ## - DESCRIPCIÓN FÍSICA
Extensión 389 pages ;
Dimensiones 23 cm .
336 ## - TIPO DE CONTENIDO
Término de tipo de contenido text
Código de tipo de contenido txt
Fuente rdacontent
337 ## - TIPO DE MEDIO
Nombre/término del tipo de medio unmediated
Código del tipo de medio n
Fuente rdamedia
338 ## - TIPO DE SOPORTE
Nombre/término del tipo de soporte volume
Código del tipo de soporte nc
Fuente rdacarrier
500 ## - NOTA GENERAL
Nota general Includes index.
520 ## - RESUMEN, ETC.
Sumario, etc. "In Beautiful Writers: A Journey of Big Dreams and Messy Manuscripts-with Tricks of the Trade from Bestselling Authors, Linda shares-and expands on-the best of advice and storytelling from the podcast and follow-up interviews with literary greats"--
Fuente proveedora Provided by publisher.
650 #0 - PUNTO DE ACCESO ADICIONAL DE MATERIA--TÉRMINO DE MATERIA
Término de materia o nombre geográfico como elemento de entrada Authorship
Subdivisión general Vocational guidance.
650 #0 - PUNTO DE ACCESO ADICIONAL DE MATERIA--TÉRMINO DE MATERIA
Término de materia o nombre geográfico como elemento de entrada Authors
Subdivisión de forma Anecdotes.
655 #7 - TERMINO DE INDIZACIÓN--GENERO/FORMA
Datos o término principal de género/forma Anecdotes.
Fuente del término lcgft
Número de control del registro de autoridad o número normalizado https://id.loc.gov/authorities/genreForms/gf2014026044
906 ## - ELEMENTOS DE DATOS F LOCAL, LDF (RLIN)
a 7
b cbc
c orignew
d 2
e epcn
f 20
g y-gencatlg
942 ## - ELEMENTOS DE ENTRADA SECUNDARIOS (KOHA)
Fuente del sistema de clasificación o colocación Clasificación de Library of Congress
Tipo de ítem Koha Libro
Suprimir en OPAC No
946 ## - PROCESAMIENTO DE INFORMACIÓN LOCAL (OCLC)
Iniciales del agente catalogador SBA
Holdings
Estatus retirado Estado de pérdida Fuente del sistema de clasificación o colocación Estado de daño No para préstamo Colección Biblioteca de origen Biblioteca actual Ubicación en estantería Fecha de adquisición Signatura topográfica completa Código de barras Visto por última vez Copia número Tipo de ítem Koha
    Clasificación de Library of Congress     Automatización y Procesos Técnicos Biblioteca Juan Bosch Biblioteca Juan Bosch Automatización y Procesos Técnicos (1er. Piso) 22/04/2026 PN149 Si624 2022 00000191745 22/04/2026 1 Libro